[Event "Turkey IS Bank Super League 2017"]
[Site "Darica-Kocaeli"]
[Date "2017.07.28"]
[Round "3"]
[White "Ivanchuk, Vassily"]
[Black "Kravtsiv, Martyn"]
[Result "1/2-1/2"]
[WhiteElo "2729"]
[BlackElo "2657"]
[Annotator "TA"]
[PlyCount "69"]
[EventType "team-tourn"]
[EventCountry "TUR"]
[SourceTitle "playchess.com"]
[Source "ChessBase"]
[SourceQuality "1"]

{[%evp 18,69,9,-4,-14,-11,-5,-13,-2,-10,0,0,0,0,0,6,8,0,12,0,23,23,22,20,20,18,21,24,31,9,3,0,0,0,0,0,0,0,0,0,4,0,8,6,13,0,12,13,14,0,0,0,0,0]} 1. c4 e6 2. Nc3 d5 3. d4 Nf6 4. Bg5 Be7 5. e3 h6 6. Bh4 O-O 7. Rc1 dxc4 {D54: Queen's Gambit Declined: 4 Bg5 Be7: Lines without Nf3} (7... b6 8. Bxf6 Bxf6 9. cxd5 exd5 10. g3 c6 11. Bh3 Bb7 12. Nge2 Re8 13. O-O Na6 14. Nf4 Qd6 15. Qf3 Rad8 16. Rfd1 Nc7 17. Bf5 g6 18. Bb1 {0-1 (44) Jobava,B (2703)-Kramnik,V (2789) Leuven 2017}) 8. Bxc4 c5 9. dxc5 Qxd1+ 10. Kxd1 {LiveBook: 5 Games} Nbd7 11. Nf3 Nxc5 12. Ke2 a6 13. Ne5 $146 ({Predecessor:} 13. a4 Rd8 14. Ne5 g5 15. Bg3 {1-0 (29) Kortschnoj,V (2630)-Beliavsky,A (2630) Belgrade 1987}) 13... Re8 14. b4 Ncd7 15. Nd3 b6 16. f3 Bb7 (16... b5 $5 17. Bb3 $8 Bb7 $11) 17. Bb3 Rec8 18. Rhd1 Rc6 (18... b5 {is interesting.} 19. Be1 Nb6 20. a4 Bc6 21. a5 Nc4) 19. Na4 Rac8 20. Rxc6 Rxc6 21. e4 {And now e5 would win.} Kf8 22. Bf2 Ne8 23. Kd2 Nd6 {The position is equal.} 24. Rc1 {Hoping for Rxc6.} Bg5+ 25. Be3 Bxe3+ 26. Kxe3 Rxc1 27. Nxc1 Ke7 28. Ne2 Nb5 29. Nac3 Nxc3 30. Nxc3 $11 {KBN-KBN} Ne5 31. h3 (31. Na4 $5 {[%cal Ra4b6]}) 31... Kd6 32. f4 Nc6 33. a3 f6 34. Na4 b5 35. Nc5 {Precision: White = 75%, Black = 61%.} 1/2-1/2

[Event "Turkey IS Bank Super League 2017"]
[Site "Darica-Kocaeli"]
[Date "2017.07.28"]
[Round "3"]
[White "Cheparinov, Ivan"]
[Black "Najer, Evgeniy"]
[Result "1/2-1/2"]
[WhiteElo "2703"]
[BlackElo "2706"]
[Annotator "TA"]
[PlyCount "101"]
[EventType "team-tourn"]
[EventCountry "TUR"]
[SourceTitle "playchess.com"]
[Source "ChessBase"]
[SourceQuality "1"]

{[%evp 19,101,14,30,0,11,18,24,12,0,0,7,-31,-35,0,0,0,32,42,21,31,47,61,53,50,47,0,0,0,0,0,0,0,0,0,0,-31,-40,-75,-47,-84,0,0,0,8,8,8,133,150,156,99,91,95,99,111,98,99,99,88,117,116,95,100,39,0,0,0,0,0,0,0,0,0,0,0,0,0,0,0,0,0,0,0,0,0]} 1. d4 Nf6 2. c4 g6 3. f3 Nc6 4. d5 Ne5 {[%cal Bc6e5,Be5d7,Bd7c5][%mdl 32]} 5. e4 d6 6. Nc3 {E60: King's Indian: Unusual lines and Fianchetto Variation without Nc3} Bg7 7. f4 Ned7 8. Nh3 O-O 9. Be2 Nc5 10. Nf2 e6 {LiveBook: 10 Games} 11. dxe6 fxe6 12. Be3 $146 b6 13. Qc2 Bb7 14. O-O-O Nfd7 15. h4 Bxc3 16. bxc3 e5 17. f5 $1 gxf5 (17... Nf6 $5 {[%cal Rf6e4]} 18. Bxc5 bxc5 $11) 18. exf5 Rb8 19. Rh3 Bc6 {[#] ...Ba4 is the strong threat.} 20. Bh6 Kh8 21. Bxf8 Qxf8 22. g4 Ba4 23. Qd2 Bxd1 24. Kxd1 a6 25. Rf3 b5 26. cxb5 axb5 27. f6 Qf7 {Hoping for ...Ra8.} 28. Nh3 Qg6 ({But not} 28... Nxf6 $6 29. g5 $14) 29. Qc2 e4 (29... Qxc2+ $17 30. Kxc2 c6) 30. Rf5 $11 Nxf6 31. Qd2 {next Nf4 is good for White.} Rf8 ({Don't blunder} 31... Nxg4 $2 32. Rg5 $18) 32. Nf4 Qg7 {[#]} (32... Qg8 $1 $11) 33. Qd4 $1 $16 c6 34. g5 ({White should try} 34. Qxd6 Nfd7 35. Nh5 Rxf5 36. Nxg7 Rd5+ 37. Qxd5 cxd5 38. Nh5) 34... Nfd7 35. Rxf8+ Nxf8 36. Qxd6 Qd7 37. Qxd7 Nfxd7 {[%mdl 4096] Endgame KBN-KNN} 38. Kd2 Kg7 39. Bd1 Nb6 40. Ke3 Nca4 41. Ne2 (41. Bxa4 $5 Nxa4 42. c4 $14) 41... Nd5+ {The position is equal.} 42. Kd2 e3+ 43. Kc2 h6 44. gxh6+ Kxh6 45. Nd4 Ndxc3 46. Bf3 c5 47. Nf5+ Kg6 48. Nxe3 Nxa2 49. Kb3 Nc1+ 50. Kc2 Na2 51. Kb3 {Precision: White = 76%, Black = 85%.} 1/2-1/2

[Event "Turkey IS Bank Super League 2017"]
[Site "Darica-Kocaeli"]
[Date "2017.07.28"]
[Round "3"]
[White "Mamedov, Rauf"]
[Black "Anton Guijarro, David"]
[Result "1-0"]
[WhiteElo "2680"]
[BlackElo "2654"]
[Annotator "TA"]
[PlyCount "129"]
[EventType "team-tourn"]
[EventCountry "TUR"]
[SourceTitle "playchess.com"]
[Source "ChessBase"]
[SourceQuality "1"]

{[%evp 9,129,14,16,12,8,5,0,6,9,-5,11,10,13,5,16,0,18,17,18,24,16,21,17,15,18,17,27,25,29,10,32,0,0,0,0,0,16,17,68,21,19,9,8,18,33,19,37,29,37,20,20,27,37,35,57,29,29,18,22,19,27,27,102,103,102,91,102,0,69,0,105,107,107,100,117,120,140,102,169,177,384,255,1146,384,5022,4694,1656,327,291,225,196,185,388,395,233,358,394,381,389,309,310,298,417,337,367,373,390,390,387,366,1181,4132,2310,961,2395,1139,4132,2057,1519,975,1055,933]} 1. e4 e6 2. d4 d5 3. Nd2 Be7 4. e5 c5 5. c3 cxd4 (5... Nc6 6. Bd3 h5 7. Ndf3 Bd7 8. Ne2 cxd4 9. cxd4 Nb4 10. Bb1 Bb5 11. O-O Rc8 12. Re1 g5 13. Nc3 Ba6 {1-0 (46) Blomqvist,E (2546)-Eljanov,P (2755) Malmo 2017}) 6. cxd4 {C03: French Tarrasch: Unusual Black 3rd moves} Qb6 7. Ndf3 Bb4+ 8. Bd2 {The position is equal.} Nc6 9. Bc3 (9. a3 $5 {[%cal Ra3b4]} Bxd2+ 10. Qxd2 $11) 9... Bd7 10. Qd2 $146 ({Find the theoretical novelty and annotate with similar games:} 10. a3 Bxc3+ 11. bxc3 Qb2 12. Ne2 b6 13. Nd2 Na5 14. h4 {0-1 (34) Mihasi,L (2021)-Lutz,B (2307) Rogaska Slatina 2011}) 10... f6 11. Bd3 Nge7 12. Ne2 Bxc3 13. bxc3 fxe5 14. Nxe5 Nxe5 15. dxe5 O-O 16. O-O Qc5 17. Nd4 Rac8 18. Rac1 b5 19. Kh1 (19. Qg5 $5 {[%cal Rd3b5]} a6 20. g3 $11) 19... g6 20. Qb2 a6 21. f4 Nc6 22. Nb3 Qe7 23. Qd2 g5 ({Black should try} 23... Qd8 $11) 24. Rce1 gxf4 25. Rxf4 Rxf4 26. Qxf4 Rf8 27. Qe3 Be8 28. Qh6 Rf7 29. h3 Rg7 30. Nd4 $36 {[%mdl 2048] White is pushing.} Nxd4 31. cxd4 Bg6 32. Bxg6 Rxg6 $14 {[%mdl 4096] Endgame KQR-KQR} 33. Qd2 Qg5 34. Qc2 Kg7 35. Rf1 Kh6 (35... a5 $11) 36. Qf2 {Black must now prevent Qf8+.} Qg3 {...Qxf2 would now be nice for Black.} 37. Qd2+ Qg5 38. Qf2 (38. Rf4 {is interesting.} Kg7 39. Qf2 Qe7 40. g4 a5 41. Kh2) 38... Qg3 $1 39. Qd2+ Qg5 40. Rf4 Kg7 {[#]} 41. Qf2 $1 Qg3 42. Qf1 Kh6 43. Rf3 Qg5 (43... Qh4 $16 {is a better defense.} 44. Rf7 Rg7) 44. Qf2 $18 b4 $2 (44... Kg7 45. Rf7+ Kg8) 45. Kh2 a5 $2 (45... Kg7 46. Rf7+ Kh8) 46. Rf7 $2 (46. h4 Qg4 47. Rf4) 46... Rg7 $2 (46... Rg8 47. Rf6+ Kg7) 47. Rf4 Rg6 48. g4 $2 (48. h4 Qh5 49. Rf7) 48... Kg7 49. Rf7+ Kh8 {[#]} 50. Ra7 $1 Rg8 $2 (50... h5 {might work better.}) 51. Kg3 h6 52. Rxa5 Qg7 53. Qf6 Qxf6 54. exf6 {KR-KR} Rf8 55. Rb5 Rxf6 56. Rxb4 Rf1 57. Kh4 Kg7 58. Kh5 Rf7 59. Rb6 Rf4 $2 (59... Re7 60. Rc6 e5 61. Rg6+ (61. Rxh6 exd4 62. Rg6+ Kf8 $18) 61... Kf7 62. dxe5 (62. Kxh6 exd4 63. g5 Re4 $18) 62... Rxe5+ 63. Kxh6 Ke7) 60. Rxe6 {White is clearly winning.} Rxd4 61. Rd6 (61. Rxh6 $142 Rd2 62. Ra6) 61... Rd1 62. h4 (62. Rxh6 $142 Rd2 63. Ra6) 62... d4 63. Rxh6 Kf7 64. g5 Ke7 65. Rf6 {Precision: White = 64%, Black = 43%.} 1-0

[Event "Turkey IS Bank Super League 2017"]
[Site "Darica-Kocaeli"]
[Date "2017.07.28"]
[Round "3"]
[White "Markus, Robert"]
[Black "Haznedaroglu, Kivanc"]
[Result "1-0"]
[WhiteElo "2672"]
[BlackElo "2471"]
[Annotator "TA"]
[PlyCount "66"]
[EventType "team-tourn"]
[EventCountry "TUR"]
[SourceTitle "playchess.com"]
[Source "ChessBase"]
[SourceQuality "1"]

{[%evp 14,66,36,41,56,47,44,42,64,64,71,58,86,55,56,43,41,43,48,37,46,53,68,70,55,58,56,59,41,58,99,100,108,93,97,93,91,88,92,95,106,93,87,77,80,81,80,77,82,75,77,81,118,127,518]} 1. d4 Nf6 2. c4 e6 3. Nf3 d5 4. g3 Be7 5. Bg2 O-O 6. O-O Nc6 7. b3 a5 {E06: Closed Catalan: Early deviations} (7... Ne4 8. Bb2 b6 9. Nc3 Bb7 10. e3 a5 11. Na4 f5 12. Ne1 Qe8 13. Nd3 Bf6 14. a3 Rd8 15. Qc2 {1-0 (41) Giri,A (2696)-Sokolov,I (2676) Amsterdam 2012}) 8. Nc3 {LiveBook: 4 Games} b6 9. Bb2 Bb7 {White is slightly better.} 10. Ne5 Nb4 11. a3 $146 ({Predecessor:} 11. h3 Na6 12. Qd2 c6 13. Rac1 Bd6 14. f4 Qe7 15. cxd5 cxd5 16. Nb5 Rfc8 17. Rxc8+ Rxc8 18. Rc1 Nc7 19. Nxc7 Rxc7 20. Rxc7 Qxc7 21. Qc1 Kf8 {½-½ (21) Bachmann,D (1814)-Steinhoefel,H (1823) Duesseldorf 2008}) 11... Na6 12. Rc1 c5 13. cxd5 exd5 14. e3 {[%cal Be2e3,Be3d4][%mdl 32]} cxd4 15. exd4 Nc7 16. Re1 Re8 17. Na4 Qd6 18. Nc4 dxc4 19. Bxb7 Rab8 {[#] Strongly threatening ...c3.} 20. Bf3 b5 21. Nc5 Ncd5 22. bxc4 {White is better.} bxc4 23. Ba1 c3 24. Qd3 Bf8 25. Red1 Rec8 26. Bxc3 Nxc3 27. Qxc3 Qb6 28. Qd3 g6 29. Rb1 Qd6 30. Rb5 Rxb5 31. Qxb5 Qc7 32. Qa6 Kg7 33. Rc1 {[#] Threatens to win with Ne6+!} Qd8 $2 {[%mdl 8192] Precision: White = 73%, Black = 63%.} (33... Re8 $16 {is tougher.} 34. a4 Qd6) 1-0

[Event "Turkey IS Bank Super League 2017"]
[Site "Darica-Kocaeli"]
[Date "2017.07.28"]
[Round "3"]
[White "Korobov, Anton"]
[Black "Salgado Lopez, Ivan"]
[Result "1-0"]
[WhiteElo "2668"]
[BlackElo "2622"]
[Annotator "TA"]
[PlyCount "107"]
[EventType "team-tourn"]
[EventCountry "TUR"]
[SourceTitle "playchess.com"]
[Source "ChessBase"]
[SourceQuality "1"]

{[%evp 9,107,0,18,10,30,12,20,0,0,0,9,2,0,0,-7,-8,-4,0,-6,-9,-6,-18,0,0,0,0,23,9,16,0,8,0,18,20,76,69,65,66,72,59,99,93,93,100,101,99,118,100,101,100,107,94,110,110,110,110,110,110,108,110,111,102,108,83,91,62,141,141,152,150,152,108,144,143,141,93,107,131,218,214,214,222,316,306,322,317,275,297,296,280,423,376,911,388,1125,1041,2790,777,12838,6933]} 1. d4 Nf6 2. Nf3 g6 3. Bf4 Bg7 4. e3 d6 5. Be2 Nbd7 {LiveBook: 18 Games} 6. O-O {A48: 1 d4 Nf6 2 Nf3 g6: Torre, London and Colle Systems} (6. h3 O-O 7. O-O b6 8. a4 a5 9. c3 Bb7 10. Nbd2 Re8 11. Bh2 Ne4 12. Nxe4 Bxe4 13. Nd2 Bb7 14. f4 e6 15. e4 Nf6 16. Bf3 d5 17. e5 Ne4 18. Qc2 Nxd2 19. Qxd2 {1-0 (35) Thybo,J (2465)-Ziska,H (2544) Vaxjo 2017}) 6... b6 7. c4 Bb7 8. Nc3 {The position is equal.} Ne4 $146 ({Predecessor:} 8... Nh5 9. Bg5 h6 10. Bh4 g5 11. Nd2 Nhf6 12. Bg3 e5 13. Nb3 e4 14. Qc2 Qe7 15. Nd2 O-O {½-½ (15) Friedrich,Z (1877)-Gubo,M (2080) Osijek 2012}) 9. Nxe4 Bxe4 10. Qa4 O-O 11. Nd2 Bb7 12. Bf3 Bxf3 13. Nxf3 c5 14. Rfd1 a6 15. Rac1 Qc7 (15... b5 $5 {[%cal Rb5a4]} 16. Qa3 cxd4 $11) 16. b4 Rfc8 17. h3 Qb7 (17... b5 $5 18. cxb5 axb5 19. Qxb5 c4 $11) 18. bxc5 bxc5 19. d5 (19. Rb1 $5 {[%cal Rb1b7]} Qa7 20. d5 $11) 19... Rab8 20. e4 Qa7 21. Rb1 Rb4 (21... Qc7 $11 {keeps the balance.}) 22. Rxb4 $16 cxb4 23. Qxb4 Qc7 24. Qa4 Nc5 25. Qc2 Nd7 26. Rc1 Qa5 27. Be3 Qb4 28. Nd2 Nc5 29. Nb3 Nd7 30. Bd2 (30. Kh2 {looks sharper.} e6 31. dxe6 fxe6 32. Kg1 Bf8 33. Qe2) 30... Qa4 31. Na5 Qxc2 32. Rxc2 Rb8 33. Nb3 f5 34. exf5 gxf5 35. Kf1 Kf7 36. Be3 Rb4 37. Ke2 Ne5 (37... Ra4 $14) 38. c5 dxc5 39. Nxc5 a5 40. Ne6 Bf6 41. f4 $1 Nc4 42. Bc5 Ra4 {[#]} 43. g4 $1 fxg4 (43... Na3 $16 44. Bxa3 Rxa3) 44. hxg4 $18 {[%cal Bh3g4,Bg4g5][%mdl 32]} h6 {[#]} 45. Kf3 $1 Nb2 (45... Nd6 {was necessary.} 46. Rh2 Kg6 47. f5+ Kf7 48. Rxh6 Ne4 49. Rh7+ Kg8) 46. Rh2 Nd3 47. Rxh6 Nxc5 48. Nxc5 Rxa2 {[%mdl 4096] Endgame KRB-KRN} 49. g5 Bc3 (49... Ba1 $142 50. d6 exd6) 50. Rc6 Bb4 $2 (50... Ra1 51. g6+ Kg7 52. Ne6+ Kxg6 53. Rxc3 a4) 51. Ne6 (51. f5 $142) 51... Rd2 $2 (51... Ra3+ 52. Ke4 Rc3) 52. Ke4 {White is clearly winning.} a4 53. Rc4 (53. Rc8 $142 a3 54. f5 Re2+ 55. Kf3 Rxe6 56. dxe6+ Kg7 57. Rc7 Kh7 58. f6) 53... Rb2 54. Kf5 {Precision: White = 65%, Black = 42%.} 1-0

[Event "Turkey IS Bank Super League 2017"]
[Site "Darica-Kocaeli"]
[Date "2017.07.28"]
[Round "3"]
[White "Kuzubov, Yuriy"]
[Black "Rozum, Ivan"]
[Result "1/2-1/2"]
[WhiteElo "2646"]
[BlackElo "2573"]
[Annotator "TA"]
[PlyCount "133"]
[EventType "team-tourn"]
[EventCountry "TUR"]
[SourceTitle "playchess.com"]
[Source "ChessBase"]
[SourceQuality "1"]

{[%evp 20,133,36,31,26,16,7,0,-8,-8,0,0,0,0,0,0,12,12,12,10,20,21,37,31,36,35,33,34,27,24,31,26,46,33,33,29,40,40,43,42,43,43,42,43,44,43,72,67,72,72,72,72,72,72,72,70,70,57,57,57,59,59,63,63,73,65,73,73,73,73,73,73,73,73,73,73,73,65,65,65,65,65,70,70,70,70,70,70,70,70,70,0,70,70,70,70,70,70,70,48,111,111,111,111,111,111,111,111,111,111,111,111,111,111,111,0]} 1. e4 c6 2. Nf3 d5 3. Nc3 dxe4 4. Nxe4 Nf6 5. Nxf6+ exf6 6. Bc4 Bd6 7. Qe2+ Qe7 8. Qxe7+ {B11: Caro-Kann: Two Knights Variation} Kxe7 9. O-O Be6 10. Re1 Kd7 11. Bf1 {LiveBook: 4 Games} Re8 $146 ({Predecessor:} 11... Kc7 12. d4 Nd7 13. c4 b6 14. h3 Bf5 15. Nh4 Bg6 {½-½ (50) Arribas Lopez,A (2549)-Sargissian,G (2693) Dubai 2016}) 12. d4 Na6 13. Bxa6 bxa6 14. Be3 Bd5 15. Nd2 f5 {[#] Strongly threatening ...f4.} 16. g3 f6 17. Nb3 g5 18. Nc5+ Bxc5 19. dxc5 Re4 20. f4 gxf4 21. Bxf4 Rae8 22. Kf2 Rc4 23. Rxe8 (23. Rac1 {is more complex.} Rxe1 24. Kxe1 Rxc5 25. Be3 Ra5 26. a3) 23... Kxe8 $14 {[%mdl 4096] Endgame KRB-KRB} 24. Rc1 Rxc5 25. Ke2 Rc4 26. Kd3 {[%mdl 1024] White has compensation.} (26. b3 $5 {[%cal Rb3c4]} Re4+ 27. Be3 $14) 26... Re4 27. c4 Bf7 28. b3 Bh5 29. Be3 Bg6 30. Kd2 Re7 31. Rf1 Rd7+ 32. Kc3 Re7 33. Bd4 Re2 34. Rf2 Rxf2 35. Bxf2 $16 {KB-KB} f4 36. gxf4 Kd7 37. Bd4 Ke6 38. Kb4 Bb1 39. a3 Bc2 40. Bxa7 Bd1 41. Bd4 f5 42. Bg7 Kd7 43. Bh6 Bc2 44. Kc3 Bd1 45. b4 Ke6 46. Kd4 Be2 47. Kc5 Kd7 48. h4 {[%cal Bh2h4,Bh4h5,Bh5h6][%mdl 32]} Bf1 49. a4 Be2 50. Bg7 Bf1 51. h5 Be2 52. h6 Bf1 53. Bc3 Be2 54. Kd4 Ke6 55. Kc5 Kd7 $1 56. Be5 Bf1 57. b5 cxb5 58. cxb5 axb5 59. a5 {[%cal Ba4a5,Ba5a6,Ba6a7][%mdl 32]} Bg2 ({Black should play} 59... b4 $14) 60. Kxb5 {White is better.} Bf3 61. a6 Bg2 62. Kc5 Bf3 63. Bc3 Bg2 64. Kd4 {[#] Hoping for Ke5.} Ke6 65. a7 Bf3 66. Ke3 Be4 67. Kd4 {Precision: White = 86%, Black = 71%.} (67. Bb4 $16) 1/2-1/2

[Event "Turkey IS Bank Super League 2017"]
[Site "Darica-Kocaeli"]
[Date "2017.07.28"]
[Round "3"]
[White "Krasenkow, Michal"]
[Black "Ertan, Can"]
[Result "1-0"]
[WhiteElo "2630"]
[BlackElo "2377"]
[Annotator "TA"]
[PlyCount "91"]
[EventType "team-tourn"]
[EventCountry "TUR"]
[SourceTitle "playchess.com"]
[Source "ChessBase"]
[SourceQuality "1"]

{[%evp 20,91,39,20,40,25,36,31,26,23,80,44,66,59,84,43,46,56,40,44,47,46,119,106,110,108,171,97,101,88,79,92,119,97,165,154,156,163,158,161,159,159,159,151,156,155,162,156,162,167,173,162,141,137,147,112,95,100,197,201,201,200,224,210,231,183,12841,12841,12841,12842,12842,12843,12843,12843]} 1. d4 Nf6 2. c4 e6 3. Nf3 b6 4. a3 Bb7 5. Nc3 d5 6. cxd5 exd5 7. g3 Be7 8. Qa4+ c6 9. Ne5 O-O 10. Bg2 Nfd7 {E12: Queen's Indian: Unusual White 4th moves, 4 a3, 4 Nc3 Bb7 5 a3 and 4 Nc3 Bb7} 11. Nd3 {LiveBook: 7 Games} Nf6 $146 ({Predecessor:} 11... Bf6 12. Nf4 b5 13. Qd1 a5 14. O-O Nb6 15. e3 N8d7 16. Qc2 g6 17. Rd1 Rc8 18. Bd2 {1-0 (45) Miles,A (2595)-Hjartarson,J (2520) Manila 1990}) 12. O-O Re8 {White has an edge.} 13. Re1 Na6 14. Bf4 c5 (14... Nc7 $11) 15. dxc5 bxc5 16. b4 {[%cal Bb2b4,Bb4b5][%mdl 32]} Rc8 17. b5 c4 $1 18. bxa6 Bc6 19. Qd1 cxd3 20. Qxd3 Ne4 (20... Bc5 $14) 21. Nxe4 $16 ({But not} 21. Bxe4 dxe4 22. Qxd8 (22. Nxe4 Bxe4 23. Qxe4 Bf6 $15) 22... Rexd8 $14) 21... dxe4 22. Qxd8 $1 ({Stronger than} 22. Bxe4 Bxe4 23. Qxe4 Bf6 $15) 22... Rexd8 (22... Rcxd8 $16 {was called for.} 23. Rac1 Bb5) 23. Be3 ({White should try} 23. Bh3 $1 $18 {[%cal Rh3c8]} Ra8 24. Reb1) 23... f5 24. f3 exf3 25. exf3 Kf7 26. Bxa7 {Hoping for Bb6.} Ra8 {[#]} (26... Bb5 $16) 27. Rac1 $1 $18 {aiming for Bb6.} Rxa7 28. Rxc6 Rd6 29. Rxd6 Bxd6 $16 {[%mdl 4096] Endgame KRB-KRB} 30. Bf1 Bxa3 31. Kg2 g6 32. h4 Rd7 33. Re5 Bb2 34. Bc4+ Kf8 35. Rb5 Bd4 36. Rb8+ Ke7 37. g4 fxg4 38. fxg4 h6 (38... Kd6 $16 {was worth a try.}) 39. Rg8 $18 Kf6 40. Bd3 Kf7 41. Rxg6 Bf6 42. Be4 ({Inferior is} 42. Rxh6 Rxd3 43. g5 Be5 $11) 42... Ra7 $2 {[#]} (42... Rd2+ 43. Kf3 Ra2 44. Rxh6 Ra3+ 45. Ke2 Ra2+ 46. Kf3 Ra3+ 47. Ke2 Ra2+ 48. Kf3) 43. Rxf6+ $1 {White is clearly winning.} Kxf6 44. Bb7 Ke5 45. Kf3 h5 {[#]} 46. g5 $1 {Precision: White = 83%, Black = 44%.} 1-0

[Event "Turkey IS Bank Super League 2017"]
[Site "Darica-Kocaeli"]
[Date "2017.07.28"]
[Round "3"]
[White "Tari, Aryan"]
[Black "Sanal, Vahap"]
[Result "1/2-1/2"]
[WhiteElo "2595"]
[BlackElo "2533"]
[Annotator "TA"]
[PlyCount "103"]
[EventType "team-tourn"]
[EventCountry "TUR"]
[SourceTitle "playchess.com"]
[Source "ChessBase"]
[SourceQuality "1"]

{[%evp 24,103,36,14,77,76,81,58,63,67,58,68,62,58,68,50,63,56,62,62,70,69,72,66,66,66,66,63,70,70,68,70,67,70,67,60,93,67,66,49,49,45,42,53,49,49,52,43,43,44,53,43,49,51,64,65,76,76,76,76,76,76,126,106,98,76,119,76,76,51,58,0,0,0,58,0,0,0,62,0,0,0]} 1. e4 e5 2. Nf3 Nc6 3. Bc4 Nf6 4. Ng5 d5 5. exd5 Na5 6. Bb5+ c6 7. dxc6 bxc6 8. Bd3 Nd5 {C58: Two Knights: 4 Ng5 d5 5 exd5 Na5 sidelines} 9. Nf3 Bd6 10. O-O O-O 11. Re1 Re8 12. Nc3 f5 13. Bf1 {LiveBook: 3 Games} Bb7 $146 (13... e4 $11 {keeps the balance.}) ({Predecessor:} 13... e4 14. Nd4 Nf6 15. g3 Bc5 16. Nb3 Nxb3 17. axb3 {0-1 (41) Gopal,G (2609)-Thipsay,P (2465) New Delhi 2010}) 14. d3 c5 15. Bd2 Nxc3 16. Bxc3 {[%cal Rf3e5]} Nc6 17. g3 Nd4 18. Bg2 {Black must now prevent Nxd4.} Qb6 19. Nd2 {[#] Hoping for Nc4.} Bxg2 20. Kxg2 Qc6+ 21. Kg1 Rad8 22. Rc1 Qd5 23. Bxd4 cxd4 24. Qf3 Bb4 25. Qxd5+ Rxd5 26. Re2 Bxd2 27. Rxd2 $14 {[%mdl 4096] Endgame KRR-KRR} Ra5 28. a3 Rc8 29. Re1 Rb5 30. b3 Kf7 $1 31. f4 (31. a4 $5 {[%cal Ra4b5]} Ra5 32. b4 Rxa4 33. Rxe5 $14) 31... exf4 32. gxf4 Rbc5 33. Ree2 a5 34. a4 R8c7 35. Rg2 R7c6 36. Rde2 Rh6 37. Kf2 Rh4 38. Kg3 Rh6 39. h4 {[%cal Bh2h4,Bh4h5,Bh5h6][%mdl 32]} Rg6+ 40. Kf3 Rh6 {[#]} 41. Rh2 $1 Rhc6 42. h5 Kf6 43. h6 {Strongly threatening hxg7.} g6 44. Rhg2 Rc7 45. Kg3 Rc8 46. Kh2 Rg8 47. Rg5 Rgc8 48. Rgg2 Rg8 $1 49. Rg5 Rgc8 50. Rgg2 Rg8 $1 51. Rg5 ({White should try} 51. Kh3 $14) 51... Rgc8 $11 52. Rgg2 {Precision: White = 61%, Black = 75%.} 1/2-1/2

[Event "Turkey IS Bank Super League 2017"]
[Site "Darica-Kocaeli"]
[Date "2017.07.28"]
[Round "3"]
[White "Mamedov, Nidjat"]
[Black "Zhigalko, Sergei"]
[Result "1/2-1/2"]
[WhiteElo "2589"]
[BlackElo "2648"]
[Annotator "TA"]
[PlyCount "76"]
[EventType "team-tourn"]
[EventCountry "TUR"]
[SourceTitle "playchess.com"]
[Source "ChessBase"]
[SourceQuality "1"]

{[%evp 26,76,25,0,11,19,15,15,18,0,0,0,0,6,10,-16,-17,-14,-16,-16,-16,-16,-16,-16,-16,-16,-16,-16,-5,-29,-28,-33,-8,-13,-8,-8,-10,-9,-8,-14,-10,-10,-9,0,0,0,0,0,0,0,0,-7,0]} 1. e4 c5 2. Nf3 Nc6 3. d4 cxd4 4. Nxd4 Nf6 5. Nc3 e5 6. Ndb5 {[%cal Bd4b5,Bb5a3,Ba3c2,Bc2b4][%mdl 32]} d6 7. Bg5 a6 8. Na3 b5 9. Nd5 Be7 10. Bxf6 Bxf6 11. c3 Bg5 12. Nc2 Ne7 13. Ncb4 O-O 14. Be2 {LiveBook: 47 Games} Nxd5 {B33: Sicilian: Pelikan and Sveshnikov Variations} (14... a5 $5 {[%cal Ra5b4]} 15. Nxe7+ Qxe7 $11) (14... a5 15. Nxe7+ Qxe7 16. Nd5 Qb7 17. Qd3 Bd7 18. O-O Bc6 19. Rfd1 b4 20. Qg3 Bxd5 21. Rxd5 Be7 22. c4 {1-0 (49) Naiditsch,A (2685)-Fier,A (2636) Linares 2015}) 15. Nxd5 Rb8 {[%cal Ba8b8,Bb8b6,Bb6g6][%mdl 32]} 16. O-O Be6 17. a4 bxa4 18. Nb4 Bb3 19. Qd3 Rb6 20. Nxa6 d5 21. exd5 $146 ({Predecessor:} 21. Nb4 dxe4 22. Qxe4 Qd2 23. Bd3 f5 {½-½ (36) Zavadsky,P-Krajcovic,B Topolcianky 1994}) 21... Be7 22. Qe3 Rg6 23. Nb4 ({Don't go for} 23. Qxe5 $2 Bxd5 24. g3 Re6 $19) 23... Bxb4 24. cxb4 Qxd5 {[%csl Gg6][%cal Rd5g2] [#]} 25. g3 Rd6 26. Rfe1 Qd4 27. Qc3 Rb8 28. b5 f6 (28... Rd5 {with more complications.} 29. Qc7 Rf8 30. Qc3 Rfd8 31. Rec1 g6) 29. Rec1 {The position is equal.} Qxc3 30. bxc3 Rc8 31. c4 {[#] aiming for c5.} Rc5 $1 32. Rc3 Kf7 33. Bd3 Ke7 34. Bxh7 Rxc4 35. Rxc4 Bxc4 36. Rxa4 Bxb5 37. Ra1 Bc6 38. Re1 Bf3 {Precision: White = 76%, Black = 81%.} 1/2-1/2